Statistiken für Länder, die Albanien am nächsten liegen

Klicken Sie hier um das Quiz zu spielen!

Allgemein

  • Dieses Quiz wurde 144 mal gespielt
  • Das Durchschnittsergebnis liegt bei 18 aus 20

Antwortstatistiken

kmLand% Korrekt
0Kosovo
100%
0Montenegro
99%
73Italien
98%
70Kroatien
98%
0Nordmazedonien
98%
38Serbien
98%
467Slowenien
98%
0Griechenland
97%
420Türkei
96%
266Rumänien
95%
76Bosnien und
Herzegowina
94%
148Bulgarien
94%
532Österreich
92%
357Ungarn
88%
574Slowakei
86%
638Malta
73%
587San Marino
71%
570Vatikanstadt
70%
640Ukraine
69%
698Tschechien
64%

Verteilung der Resultate

Perzentil nach korrekt beantworteten Fragen

Anzahl Personen mit jedem Resultat

Ihre Resultats-Entwicklung

Sie haben dieses Quiz noch nicht gespielt